| 000 | 01268nmm a2200373 a 4500 | ||
|---|---|---|---|
| 001 | ocm0002146232 | ||
| 003 | TR-IsHL | ||
| 005 | 20201028182202.0 | ||
| 008 | 190123s2017 tu tur | ||
| 007 | cr cn | ||
| 020 | _a9786059375559 | ||
| 035 |
_a2146232 _b(N$T) |
||
| 050 | 0 | 4 |
_aDR438.8 _b.O863 2017 |
| 090 | 0 | 4 |
_aDR438.8 _b.O863 2017 |
| 245 | 1 | 0 |
_aOsmanlı gidince _h[electronic resource] / _cyayına hazırlayan Ahmet Apaydın ; editörler Veysel Sökmen, Tunahan Kanıcı |
| 250 | _a2. Baskı | ||
| 260 |
_aİstanbul : _bYedikıta Kitaplığı, _c2017 |
||
| 300 | _a197 p. | ||
| 650 | 4 | _aTarih | |
| 650 | 4 | _aHistory | |
| 650 | 0 |
_aTarihyazımı _x Türkiye |
|
| 650 | 0 |
_aHistoriography _x Turkey |
|
| 650 | 0 |
_aBalkan Yarımadası _x Tarih |
|
| 650 | 0 |
_aBalkan Peninsula _x History |
|
| 650 | 0 |
_aKıbrıs _x Tarih _x Türk Hakimiyeti |
|
| 650 | 0 |
_aCyprus _x History _x Turkish Rule |
|
| 650 | 0 |
_aSömürgecilik _x Tarih |
|
| 650 | 0 |
_aColonialism _x History |
|
| 650 | 7 |
_aHISTORY / Middle East / Turkey & Ottoman Empire _2bisacsh |
|
| 700 | 1 | _aApaydın, Ahmet | |
| 700 | 1 | _aSökmen, Veysel | |
| 700 | 1 | _aKınıcı, Tunahan | |
| 856 | 4 | 0 | _uhttp://search.ebscohost.com/login.aspx?direct=true&scope=site&db=e011xww&AN=2146232 |
| 999 |
_c19950 _d19950 |
||